[Event "Open A"]
[Site "Hamburg GER"]
[Date "2005.10.07"]
[Round "5"]
[White "Oud,N"]
[Black "Gadarinian,C"]
[Result "0-1"]
[WhiteElo "2110"]
[BlackElo "1886"]

1.d4 d5 2.c4 c6 3.Nf3 Nf6 4.Nc3 dxc4 5.a4 Bf5 6.Ne5 e6 7.f3 h6 8.e4 Bh7 9.Bxc4 Nbd7
10.Nxd7 Nxd7 11.O-O Bd6 12.f4 Nb6 13.Bb3 Qh4 14.a5 Nc8 15.g3 Qh3 16.d5 Bc5+
17.Kh1 exd5 18.exd5 O-O 19.Qf3 Nd6 20.Bd2 Bd4 21.Rae1 Bxc3 22.Bxc3 Be4 23.Rxe4 Nxe4
24.dxc6 Nxc3 25.cxb7 Rab8 26.bxc3 Rxb7 27.Bc2 Rb2 28.Rc1 Rfb8 29.Qd3 g6 30.Kg1 Qe6
31.Kf2 Qc6 32.Qd4 Qa6 33.g4 Qxa5 34.Kg3 Qa2 35.Qd6 R2b6 36.Qd3 Qe6 37.Ra1 R6b7
38.Ra6 Qe1+ 39.Kg2 Re8 40.Rxg6+ Kf8 41.Rxh6 Re2+ 42.Kf3 Qf2+  0-1

[Event "TCh-FIN 2005-6"]
[Site "Helsinki FIN"]
[Date "2005.10.08"]
[Round "3"]
[White "Kanko,I"]
[Black "Paasikangas,J"]
[Result "0-1"]
[WhiteElo "2229"]
[BlackElo "2307"]

1.d4 d5 2.c4 c6 3.Nf3 Nf6 4.Nc3 dxc4 5.a4 Bf5 6.e3 Nbd7 7.Bxc4 Qc7 8.e4 Bg6
9.e5 Nb6 10.Bb3 Nfd7 11.e6 fxe6 12.Ng5 Nd5 13.Nxe6 Qd6 14.Bxd5 cxd5 15.Qe2 Kf7
16.Ng5+ Kg8 17.Nb5 Qf6 18.O-O h6 19.Ne6 Be4 20.Nbc7 Rc8 21.f3 Bf5 22.Bd2 Nb8
23.Rfe1 Nc6 24.Nxd5 Qxe6 25.Qxe6+ Bxe6 26.Rxe6 Rd8 27.Nb4 Nxd4 28.Re3 a5  0-1

[Event "TCh-BEL 2005-6"]
[Site "Belgium BEL"]
[Date "2005.10.09"]
[Round "1"]
[White "Goormachtigh,J"]
[Black "Marechal,A"]
[Result "1/2-1/2"]
[WhiteElo "2231"]
[BlackElo "2293"]

1.d4 d5 2.c4 c6 3.Nf3 Nf6 4.Nc3 dxc4 5.a4 Bf5 6.e3 e6 7.Bxc4 Bb4 8.O-O O-O
9.Qe2 Bg6 10.Ne5 Nbd7 11.Nxg6 hxg6 12.Rd1 Qa5 13.Bd2 e5 14.d5 Rad8 15.dxc6 bxc6
16.e4 Rb8 17.Be3 Bc5 18.Bxc5 Nxc5 19.Rd6 Qc7 20.Rad1 Rfd8 21.Bxf7+ Kh7 22.Rxd8 Rxd8
23.Rxd8 Qxd8 24.Qe3 Ncxe4 25.Qh3+ Nh5 26.g4 Nxc3 27.bxc3 Qg5 28.Kf1 Qc1+
29.Kg2 Qg5 30.Bxg6+ Kxg6 31.Qxh5+ Qxh5 32.gxh5+ Kxh5 33.Kf3 Kg5 34.Ke4 Kf6
35.h4 g6 36.a5 Ke6 37.a6 Kd6 38.f3 Ke6 39.c4 c5 40.f4 exf4 41.Kxf4 Kf6  1/2-1/2

[Event "TCh-BEL 2005-6"]
[Site "Belgium BEL"]
[Date "2005.10.09"]
[Round "1"]
[White "De Haan,E"]
[Black "Mullon,J"]
[Result "1-0"]
[WhiteElo "2294"]
[BlackElo "2355"]

1.d4 d5 2.c4 c6 3.Nf3 Nf6 4.Nc3 dxc4 5.a4 Bf5 6.e3 e6 7.Bxc4 Bb4 8.O-O Nbd7
9.Qe2 Bg6 10.e4 Bxc3 11.bxc3 Nxe4 12.Ba3 Qc7 13.Rfc1 O-O-O 14.a5 Rhe8 15.Nh4 Nd6
16.Bb3 Nb5 17.Bb2 Nf6 18.a6 b6 19.Nxg6 hxg6 20.Rd1 Rh8 21.g3 Nd6 22.Bc1 Nde4
23.Bf4 Qd7 24.Qf3 g5 25.Be5 g4 26.Qe3 Rh5 27.h4 gxh3 28.f3 h2+ 29.Kg2 Nd6
30.Rh1 Nf5 31.Qe2 Nd5 32.Bxd5 Qxd5 33.g4 Nh4+ 34.Kg3 Rh6 35.c4 Qd7 36.Bf4 g5
37.Bxg5 Nf5+ 38.Kg2 Nxd4 39.Qf2 Rg6 40.Bxd8 Qxd8 41.Rxh2 f5 42.Qh4 fxg4 43.Qxd8+ Kxd8
44.Rh8+ Kc7 45.Rh7+ Kd6 46.fxg4 Rxg4+ 47.Kf2 Rf4+ 48.Kg3 Rf8 49.Rxa7 b5 50.Rb7 Rg8+
51.Kh3 Rh8+ 52.Kg4 Rg8+ 53.Kh5 Rh8+ 54.Kg6 bxc4 55.a7 Ra8 56.Rb8 Rxa7 57.Rxa7 c3
58.Ra3 Nb5 59.Ra1 Kc5 60.Rh8 Kc4 61.Kf6 Kb3 62.Rb1+ Ka2 63.Rb4 Ka3 64.Rc4 Kb3
65.Rxc6 c2 66.Rb8  1-0

[Event "Belgrade Premier League"]
[Site "Belgrade SCG"]
[Date "2005.10.09"]
[Round "9"]
[White "Lapcevic,M"]
[Black "Jovanovic,Zo1 SCG"]
[Result "1/2-1/2"]
[WhiteElo "2265"]
[BlackElo "2293"]

1.d4 d5 2.c4 c6 3.Nf3 Nf6 4.Nc3 dxc4 5.a4 Bf5 6.Ne5 Nbd7 7.Nxc4 Qc7 8.g3 e5
9.dxe5 Nxe5 10.Bf4 Nfd7 11.Bg2 g5 12.Ne3 gxf4 13.Nxf5 O-O-O 14.Qc2 Nc5 15.O-O fxg3
16.hxg3 a5 17.Rad1 h5 18.Rxd8+ Qxd8 19.Ne4 Nxe4 20.Qxe4 Qf6 21.Rc1 Bb4 22.Nd4 Rd8
23.e3 Rd6 24.b3 Kb8 25.Rc2  1/2-1/2

[Event "TCh-CZE Extraliga 2005-6"]
[Site "Czech Rep CZE"]
[Date "2005.10.15"]
[Round "1"]
[White "Hracek,Z"]
[Black "Meduna,E"]
[Result "1-0"]
[WhiteElo "2581"]
[BlackElo "2460"]

1.d4 d5 2.c4 c6 3.Nc3 Nf6 4.Nf3 dxc4 5.a4 Bf5 6.Ne5 Nbd7 7.Nxc4 Nb6 8.Ne5 e6
9.f3 Nfd7 10.a5 Nd5 11.e4 Nxe5 12.dxe5 Nxc3 13.Qxd8+ Kxd8 14.bxc3 Bg6 15.Be3 Be7
16.Bd3 h5 17.Ke2 Kc7 18.Rhb1 c5 19.Rb5 b6 20.Rb2 Rhd8 21.Rba2 Rab8 22.axb6+ axb6
23.Bb5 Rb7 24.Bf4 Bh7 25.h4 Bxh4 26.Rh1 Be7 27.Rxh5 Bg6 28.Rh1 Rbb8 29.Rha1 Bh7
30.Rh1 Bg6 31.Ra7+ Rb7 32.Ra4 Rbb8 33.Rha1 Bh7 34.Rh1 Bg6 35.Rha1 Bh7 36.Be3 g5
37.Kf2 g4 38.f4 Bh4+ 39.g3 Be7 40.Ke2 Bg6 41.Rf1 f5 42.Bc4 Ra8 43.Rfa1 Rxa4
44.Rxa4 Kb7 45.Bxe6 Be8 46.Ra1 fxe4 47.f5 Rd3 48.f6 Bf8 49.c4 Bc6 50.Bxg4 b5
51.e6 Bd6 52.Bf4  1-0

[Event "SCG First League w"]
[Site "Vrnjacka Banja SCG"]
[Date "2005.10.18"]
[Round "2"]
[White "Rakic,Ma"]
[Black "Eric,J"]
[Result "1-0"]
[WhiteElo "2074"]
[BlackElo "2005"]

1.d4 d5 2.c4 c6 3.Nf3 Nf6 4.Nc3 dxc4 5.a4 Bf5 6.Bg5 Nbd7 7.e3 e6 8.Bxc4 Be7
9.O-O Ne4 10.Bxe7 Qxe7 11.Bd3 Ndf6 12.Qc2 Nxc3 13.bxc3 Bxd3 14.Qxd3 O-O 15.e4 Rfd8
16.c4 Rac8 17.Rfe1 h6 18.Rab1 Qc7 19.Qc3 Qd7 20.Rb3 Rb8 21.a5 Ne8 22.Ne5 Qc7
23.c5 Rbc8 24.Reb1 Rb8 25.Nc4 a6 26.e5 Rd7 27.Nd6 Nxd6 28.cxd6 Qc8 29.Rb6 Ra8
30.f4 g6 31.g4 Kh7 32.Qc2 Ra7 33.f5 Qg8 34.Kh1 Kh8 35.Rf1 Kh7 36.h4 Ra8 37.fxe6 fxe6
38.h5 Re8 39.Rf6  1-0

[Event "Chigorin Mem"]
[Site "St Petersburg RUS"]
[Date "2005.10.22"]
[Round "8"]
[White "Kirusha,A"]
[Black "Airapetian,G"]
[Result "0-1"]
[WhiteElo "2393"]
[BlackElo "2281"]

1.d4 d5 2.c4 c6 3.Nf3 Nf6 4.Nc3 dxc4 5.a4 Bf5 6.e3 e6 7.Bxc4 Bb4 8.O-O O-O
9.Qe2 Bg6 10.Rd1 Nbd7 11.h3 a5 12.Bd3 Bxd3 13.Rxd3 Qe7 14.e4 e5 15.dxe5 Nxe5
16.Nxe5 Qxe5 17.f4 Qc5+ 18.Kh1 Qc4 19.Re3 Qxe2 20.Rxe2 Rad8 21.Bd2 Rd4 22.Kh2 Rfd8
23.Be1 Nh5 24.g3 Rd3 25.e5 g6 26.Ne4 Ng7 27.Bf2 Nf5 28.Bb6 Rc8 29.g4 Ne7
30.Rf1 Nd5 31.Bc5 Bxc5 32.Nxc5 Rd4 33.f5 b6 34.Ne4 Rxa4 35.e6 fxe6 36.fxe6 Rf8
37.e7 Re8 38.Nf6+ Nxf6 39.Rxf6 Rc4 40.Kg3 Kg7 41.Rf3 Rd4 42.Re6 b5 43.h4 Rd7
44.Rfe3 Kf7 45.Rxc6 Rdxe7 46.Rf3+ Kg7 47.Ra6 a4 48.b3 axb3 49.Rxb3 Rb8 50.Rb4 Rc7
51.g5 Rbb7 52.Kf4 Rc5 53.Rd6 Rf5+ 54.Kg4 Re5 55.Kf4 Rc5 56.Ra6 Kf7 57.Rf6+ Ke8
58.Ra6 Kd7 59.Rf6 Kc7 60.Ke4 Kd8 61.Kd4 Rbc7 62.Kd3 Rd7+ 63.Ke3 Kc7 64.Re6 Rc3+
65.Ke2 Rc5 66.Ke3 Rf5 67.Ke4 Rdf7 68.Ke3 Kb8 69.Rb6+ Rb7 70.Re6 Ka7 71.Ke4 Rff7
72.Rf6 Rfd7 73.Ke5 Rb6 74.Rf8 Ka6 75.Ra8+ Kb7 76.Rf8 Kc6 77.Rc8+ Rc7 78.Rh8 Kc5
79.Rb1 Re7+ 80.Kf4 b4 81.Rc8+ Kb5 82.Rd8 Rc7 83.Ra8 Rbb7 84.Re8 Rc4+  0-1

[Event "II Open"]
[Site "Calvia ESP"]
[Date "2005.10.23"]
[Round "4"]
[White "Del Rio Angelis,S"]
[Black "Peralta,Fe"]
[Result "1/2-1/2"]
[WhiteElo "2489"]
[BlackElo "2538"]

1.d4 d5 2.c4 c6 3.Nf3 Nf6 4.Nc3 dxc4 5.a4 Bf5 6.Ne5 Na6 7.e3 Nb4 8.Bxc4 e6
9.O-O Bd6 10.Qe2 Nc2 11.Rb1 Bxe5 12.dxe5 Ng4 13.e4 Nd4 14.Qd1 Nxe5 15.exf5 Nxc4
16.Qd3 Nb6 17.a5 Nc8 18.Rd1 e5 19.Be3 O-O 20.Bxd4  1/2-1/2

[Event "SCG First League m"]
[Site "Vrnjacka Banja SCG"]
[Date "2005.10.23"]
[Round "7"]
[White "Pavlovic,Milo2"]
[Black "Nadj Hedjesi,B"]
[Result "1/2-1/2"]
[WhiteElo "2438"]
[BlackElo "2378"]

1.Nf3 d5 2.d4 Nf6 3.c4 c6 4.Nc3 dxc4 5.a4 Bf5 6.Ne5 Nbd7 7.Nxc4 Nb6 8.Ne5 a5
9.g3 e6 10.Bg2 Bb4 11.O-O O-O 12.e3 Qe7 13.Qe2 Nfd7 14.e4 Bg6 15.Be3 Nxe5
16.dxe5 Nd7 17.f4 Bc5 18.Bxc5 Qxc5+ 19.Kh1 f6 20.Rad1 Rad8 21.Rd6 Nb6 22.Rxd8 Rxd8
23.f5 exf5 24.exf5 Bf7 25.e6 Be8 26.g4 Qc4 27.Qxc4 Nxc4 28.Rd1 Rxd1+ 29.Nxd1 h5
30.h3 Kf8 31.Kg1 g6 32.Bf1 Ne5 33.Ne3 Ke7 34.gxh5 gxh5 35.Kf2 Kd6 36.Be2 Kc5
37.Kg3 Kd4 38.Kf4 b5 39.Nc2+ Kd5 40.Ke3 bxa4 41.Na3 Kc5 42.Bd1 Nc4+ 43.Nxc4 Kxc4
44.Bxa4 Kd5 45.Kf4 Kd4 46.h4 Kd5 47.Bb3+ Kd4 48.Ba4 Kd3 49.Kf3 Kd4 50.Kf4 Kd3  1/2-1/2

[Event "II Open"]
[Site "Calvia ESP"]
[Date "2005.10.25"]
[Round "6"]
[White "Gomez Jurado,L"]
[Black "Peralta,Fe"]
[Result "0-1"]
[WhiteElo "2350"]
[BlackElo "2538"]

1.d4 d5 2.Nf3 Nf6 3.c4 c6 4.Nc3 dxc4 5.a4 Bf5 6.e3 e6 7.Bxc4 Bb4 8.O-O O-O
9.Qe2 Bg6 10.Na2 Bd6 11.b3 Nbd7 12.Bb2 Qc7 13.h3 Rfe8 14.Rac1 a6 15.Nc3 e5
16.dxe5 Nxe5 17.Nxe5 Bxe5 18.f4 Bd4 19.Nd1 Bxb2 20.Qxb2 Bf5 21.Re1 a5 22.Nf2 Rad8
23.Qc3 h5 24.Rcd1 Rxd1 25.Rxd1 Qb6 26.Re1 h4 27.Qd2 Be6 28.Bxe6 Rxe6 29.Nd3 Nd5
30.Ne5 Qxb3 31.Qxa5 Re8 32.Qd2 Qxa4 33.Kh2 Qe4 34.Qf2 c5 35.Qxh4 Rxe5  0-1

[Event "2nd Rapid"]
[Site "D'Ajaccio FRA"]
[Date "2005.10.26"]
[Round "5"]
[White "Riazantsev,A"]
[Black "Shirov,A"]
[Result "1/2-1/2"]
[WhiteElo "2603"]
[BlackElo "2710"]

1.d4 d5 2.c4 c6 3.Nf3 Nf6 4.Nc3 dxc4 5.a4 Bf5 6.Ne5 e6 7.g3 Bb4 8.Bg2 Ne4
9.O-O Nxc3 10.bxc3 Bxc3 11.Nxc4 O-O 12.Ba3 Bxa1 13.Qxa1 Nd7 14.a5 Nf6 15.Bxf8 Qxf8
16.a6 bxa6 17.Qxa6 Nd5 18.e4 Nb4 19.Qa3 Bg6 20.Rb1 a5 21.Nxa5 c5 22.Qa4 h6
23.dxc5 Qxc5 24.Qxb4 Qxb4 25.Rxb4 Rxa5  1/2-1/2

[Event "9th Bavarian Open"]
[Site "Bad Wiessee GER"]
[Date "2005.11.01"]
[Round "4"]
[White "Naumann,A"]
[Black "Behm,S"]
[Result "1-0"]
[WhiteElo "2534"]
[BlackElo "2245"]

1.d4 d5 2.c4 c6 3.Nf3 Nf6 4.Nc3 dxc4 5.a4 Bf5 6.Ne5 Nbd7 7.Nxc4 Qc7 8.g3 e5
9.dxe5 Nxe5 10.Bf4 Nfd7 11.Bg2 g5 12.Ne3 gxf4 13.Nxf5 O-O-O 14.Qc2 Nc5 15.O-O Ne6
16.Qe4 a5 17.gxf4 Ng4 18.h3 Nh6 19.e3 Nc5 20.Qc2 Nxf5 21.Qxf5+ Qd7 22.Qh5 Qe6
23.Rfd1 Rxd1+ 24.Rxd1 Be7 25.Ne2 Qg6 26.Qe5 Rg8 27.Ng3 Qf6 28.Nf5 Qxe5 29.fxe5 Bf8
30.Rd4 Rg5 31.h4 Rg6 32.f4 Kc7 33.Kf2 Ne6 34.Rc4 Ng7 35.Bh3 Nxf5 36.Bxf5 Rh6
37.Rd4  1-0

[Event "Autumn Open"]
[Site "St Petersburg RUS"]
[Date "2005.11.01"]
[Round "4"]
[White "Kuzmin,Y"]
[Black "Lovkov,R"]
[Result "0-1"]
[WhiteElo "2031"]
[BlackElo "2365"]

1.d4 d5 2.c4 c6 3.Nf3 Nf6 4.Nc3 dxc4 5.a4 Bf5 6.Ne5 Nbd7 7.Nxc4 Nb6 8.e3 e6
9.Be2 Bb4 10.O-O O-O 11.Qb3 Be7 12.a5 Nxc4 13.Qxc4 Qc7 14.h3 e5 15.dxe5 Qxe5
16.a6 Be6 17.Qd4 Qxd4 18.exd4 b6 19.Bf3 Rac8 20.Be3 Rfd8 21.Rfd1 Bb3 22.Rd2 h6
23.Bd1 Be6 24.Bf3 Kf8 25.Rad1 Bb3 26.Rc1 Bb4 27.Bd1 Bxd1 28.Rdxd1 Nd5 29.Nxd5 Rxd5
30.Rc4 Be7 31.Rdc1 Ke8 32.Rxc6 Rxc6 33.Rxc6 Kd7 34.Rc2 Ra5 35.Kf1 Rxa6 36.Ke2 Ra1
37.Kf3 Ra2 38.Bf4 Bd8 39.Ke4 a5 40.Kd5 Ra4 41.Bd6 h5 42.h4 Ra1 43.g3 Rd1
44.Be5 f6 45.Bf4 Re1 46.Bd6 Ra1 47.Bf4 Ra4 48.Bd6 Ra2 49.Re2 Ra1 50.Rc2 Re1
51.Bf4 Rd1 52.Bd6 Rd3 53.Bf4 Rb3 54.Kc4 Rb4+ 55.Kd5 a4 56.Bd6 Rb3 57.Re2 Rf3
58.Bf4 g6 59.Rc2 Rb3 60.Bd6 Rb5+ 61.Kc4 Rf5 62.Bf4 Be7 63.Kd3 Rb5 64.Kc4 Rb3
65.Kd5 Rb5+ 66.Kc4 Rb4+ 67.Kd5 Bd8 68.Bd6 Rb5+ 69.Kc4 Rf5 70.Bf4 b5+ 71.Kd3 b4
72.Kc4 Be7 73.Re2 g5 74.hxg5 fxg5 75.Bd2 a3 76.bxa3 bxa3 77.Bb4 Bxb4 78.Kxb4 Rf3
79.Kc5 h4 80.gxh4 gxh4 81.Kb4 h3 82.Re1 h2  0-1

[Event "9th Bavarian Open"]
[Site "Bad Wiessee GER"]
[Date "2005.11.02"]
[Round "5"]
[White "Bromberger,S"]
[Black "Kastek,T"]
[Result "0-1"]
[WhiteElo "2478"]
[BlackElo "2209"]

1.d4 d5 2.c4 c6 3.Nc3 Nf6 4.Nf3 dxc4 5.a4 Bf5 6.Ne5 Nbd7 7.Nxc4 Nb6 8.Ne5 a5
9.g3 e6 10.Bg2 Bb4 11.O-O O-O 12.e3 h6 13.Qe2 Bh7 14.Rd1 Re8 15.e4 Nfd7 16.Nd3 Nf6
17.f3 Nfd7 18.Be3 Qe7 19.Bf2 Kh8 20.Qc2 Bd6 21.Qb3 Bc7 22.Rac1 Rab8 23.f4 f5
24.Re1 fxe4 25.Nxe4 Nd5 26.Re2 Bg8 27.Qd1 Rbd8 28.Nd2 Nb4 29.Nc4 Nxd3 30.Qxd3 Qb4
31.Qa3 Nb6 32.Qxb4 axb4 33.Na5 Rb8 34.Nxc6 bxc6 35.Rxc6 Na8 36.Ra6 Nb6 37.Rc2 Bd8
38.Bc6 Re7 39.d5 Nxd5 40.Bc5 Rf7 41.a5 Bh7 42.Re2 Bd3 43.Rxe6 Nc7  0-1

[Event "8th IM ZNG111"]
[Site "Kostrena CRO"]
[Date "2005.11.03"]
[Round "10"]
[White "Troselj,T"]
[Black "Crepan,M"]
[Result "0-1"]
[WhiteElo "2096"]
[BlackElo "2310"]

1.d4 d5 2.Nf3 Nf6 3.c4 c6 4.Nc3 dxc4 5.a4 Bf5 6.e3 e6 7.Bxc4 Bb4 8.O-O Nbd7
9.Qe2 Bg6 10.e4 O-O 11.Bd3 Re8 12.Bg5 Qa5 13.h4 a6 14.Rfc1 h6 15.Bxf6 Nxf6
16.Ne5 Bh7 17.g4 Rad8 18.Nc4 Qc7 19.g5 hxg5 20.hxg5 Nd7 21.Qe3 e5 22.d5 Bxc3
23.d6 Qb8 24.bxc3 Nf8 25.a5 Ng6 26.Rab1 Re6 27.f3 Nf4 28.Kf2 Rd7 29.Rh1 Qd8
30.Rbg1 Rexd6 31.Nxd6 Rxd6 32.Be2 Rd2 33.Rd1 Rxd1 34.Rxd1 Qxg5 35.Bf1 Qh4+
36.Kg1 Qg3+ 37.Kh1 Qh4+ 38.Kg1 Qg3+ 39.Kh1 Bg6 40.Rd2 Bh5 41.Qg1 Bxf3+ 42.Bg2 Nxg2  0-1

[Event "Blitz Match"]
[Site "Prague CZE"]
[Date "2005.11.04"]
[Round "1"]
[White "Navara,D"]
[Black "Shirov,A"]
[Result "0-1"]
[WhiteElo "2646"]
[BlackElo "2710"]

1.d4 d5 2.c4 c6 3.Nc3 Nf6 4.Nf3 dxc4 5.a4 Bf5 6.Ne5 e6 7.f3 Bb4 8.e4 Bxe4
9.fxe4 Nxe4 10.Bd2 Qxd4 11.Nxe4 Qxe4+ 12.Qe2 Bxd2+ 13.Kxd2 Qd5+ 14.Kc2 Na6
15.Nxc4 O-O 16.Rd1 Qf5+ 17.Kc1 Nb4 18.b3 Rfd8 19.g3 Qf6 20.Ne5 Qg5+ 21.Rd2 Na2+
22.Kc2 Rxd2+ 23.Qxd2 Qxe5 24.Bg2 a5 25.Re1 Qc5+ 26.Kb2 Nb4 27.Be4 g6 28.h4 Qe5+
29.Ka3 Qxg3 30.h5 Nd5 31.hxg6 hxg6  0-1

[Event "TCh-NED 2005-6"]
[Site "Netherlands NED"]
[Date "2005.11.05"]
[Round "3"]
[White "Ernst,S"]
[Black "Sokolov,Iv"]
[Result "0-1"]
[WhiteElo "2473"]
[BlackElo "2696"]

1.d4 d5 2.c4 c6 3.Nf3 Nf6 4.Nc3 dxc4 5.a4 Bf5 6.e3 e6 7.Bxc4 Bb4 8.O-O O-O
9.Nh4 Bg4 10.f3 Bh5 11.g4 Nd5 12.Ng2 Bg6 13.Ne2 c5 14.Bb3 cxd4 15.Nxd4 Bc5
16.Kh1 Nb4 17.Nf4 Bxd4 18.exd4 N8c6 19.Be3 Na5 20.Rc1 Re8 21.Kg2 Qf6 22.Kg3 Rad8
23.h4 e5 24.Nxg6 Qxg6 25.Rc7 Nxb3 26.Qxb3 Nd5 27.Rxb7 exd4 28.Bxd4 Qd6+ 29.f4 Re4
30.Bxa7 h5 31.gxh5 Ne7 32.Qb5 Qf6 33.Qg5 Rd3+ 34.Kh2 Qe6 35.Qg2 Nf5 36.Rb6 Qe7
37.Rb8+ Kh7 38.Qg5 Qe6 39.Rb5 Nd4  0-1

[Event "9th Bavarian Open"]
[Site "Bad Wiessee GER"]
[Date "2005.11.06"]
[Round "9"]
[White "Rau,H"]
[Black "Lange,K"]
[Result "1-0"]
[WhiteElo "2421"]
[BlackElo "2147"]

1.d4 d5 2.c4 c6 3.Nf3 Nf6 4.Nc3 dxc4 5.a4 Bf5 6.Nh4 Bg6 7.Nxg6 hxg6 8.e3 e6
9.Bxc4 Bb4 10.h3 Nbd7 11.Qb3 a5 12.Bd2 Qc7 13.Rc1 O-O 14.O-O Rfd8 15.f4 c5
16.Nb5 Qb6 17.Bxb4 axb4 18.Qc2 cxd4 19.exd4 Nb8 20.b3 Nc6 21.Kh2 Nd5 22.Qf2 Na7
23.Nxa7 Qxa7 24.Bxd5 Rxd5 25.Rc4 b5 26.Rxb4 Qa5 27.Rxb5 Rxb5 28.axb5 Qxb5
29.Qf3 Ra3 30.Rb1 Qb4 31.Qd3 Qd6 32.Qe3 Ra2 33.Rc1 Qb8 34.Rc3 Qb7 35.Qg3 Rd2
36.Rd3 Rc2 37.Qg5 Qe4 38.Rd1 f6 39.Qg3 Ra2 40.Kh1 Qc2 41.Re1 Rb2 42.Rxe6 Rxb3
43.Qg4 f5 44.Qh4 Qd1+ 45.Re1 Qh5 46.Qd8+ Kh7 47.Re8 Rxh3+ 48.gxh3 Qf3+ 49.Kg1 Qg3+
50.Kf1 Qf3+ 51.Ke1 Qc3+ 52.Kf2 Qd2+ 53.Kg3  1-0

[Event "TCh-CZE Extraliga 2005-6"]
[Site "Czech Rep CZE"]
[Date "2005.11.06"]
[Round "4"]
[White "Cech,P"]
[Black "Haba,P"]
[Result "1/2-1/2"]
[WhiteElo "2420"]
[BlackElo "2522"]

1.d4 d5 2.c4 c6 3.Nf3 Nf6 4.Nc3 dxc4 5.a4 Bf5 6.Ne5 e6 7.f3 Bb4 8.e4 Bxe4
9.fxe4 Nxe4 10.Qf3 Qxd4 11.Qxf7+ Kd8 12.Bg5+ Nxg5 13.Qxg7 Qe3+ 14.Kd1 Rf8
15.Nxc4 Qc5 16.Kc2 Nd7 17.Rd1 Rf2+ 18.Kb3 Rf7  1/2-1/2

[Event "TCh-CZE Extraliga 2005-6"]
[Site "Czech Rep CZE"]
[Date "2005.11.06"]
[Round "4"]
[White "Frolik,M"]
[Black "Cernousek,L"]
[Result "0-1"]
[WhiteElo "2319"]
[BlackElo "2379"]

1.d4 d5 2.c4 c6 3.Nf3 Nf6 4.Nc3 dxc4 5.a4 Bf5 6.e3 e6 7.Bxc4 Bb4 8.O-O Nbd7
9.h3 O-O 10.Nh4 Ne4 11.Nxf5 exf5 12.Qc2 Ndf6 13.Rd1 a5 14.Bd3 Bxc3 15.bxc3 g6
16.f3 Ng5 17.e4 fxe4 18.fxe4 Ne6 19.Qf2 Nh5 20.g4 Nhg7 21.Ba3 Re8 22.Rf1 Qc7
23.Kg2 h5 24.Rae1 Qd7 25.Qg3 Red8 26.Rd1 b6 27.Bc1 Qe7 28.Qe5 Ra7 29.Bc2 Re8
30.d5 Nc5 31.Qxe7 Raxe7 32.Bg5 Rc7 33.Bf4 Rcc8 34.Rfe1 Nd7 35.Bb3 hxg4 36.hxg4 Ne5
37.Bxe5 Rxe5 38.dxc6 Rxc6 39.Rd7 Rf6 40.Bd5 Rg5 41.Kg3 Re5 42.Rd8+ Ne8 43.Re3 Kg7
44.Rf3 Re7 45.Rxf6 Nxf6 46.Kf4 Rd7 47.Rb8 Nxd5+ 48.exd5 Rxd5 49.Rxb6 Rc5
50.Ra6 Rc4+ 51.Kg5 f6+ 52.Kh4 f5 53.Ra7+ Kh6 54.Rxa5 Rxg4+ 55.Kh3 Rc4 56.Ra8 Kg5
57.a5 Rxc3+ 58.Kg2 Kg4 59.a6 Rc2+ 60.Kf1 Ra2 61.a7 g5 62.Ke1 Kf4 63.Kf1 g4
64.Kg1 Kf3  0-1

[Event "ch-CRO"]
[Site "Vukovar CRO"]
[Date "2005.11.09"]
[Round "3"]
[White "Hulak,K"]
[Black "Jovanic,O"]
[Result "1-0"]
[WhiteElo "2507"]
[BlackElo "2469"]

1.d4 d5 2.c4 c6 3.Nf3 Nf6 4.Nc3 dxc4 5.a4 Bf5 6.e3 e6 7.Bxc4 Bb4 8.O-O O-O
9.Nh4 Nbd7 10.Nxf5 exf5 11.Qc2 g6 12.Bd2 Nb6 13.Bb3 a5 14.Rad1 Re8 15.Bc1 Nbd5
16.Qd3 Bd6 17.g3 Nb4 18.Qc4 Qc7 19.Kg2 Nbd5 20.Rfe1 h5 21.Re2 h4 22.Nxd5 Nxd5
23.Qd3 Nf6 24.f3 hxg3 25.e4 Bf4 26.Bxf4 Qxf4 27.hxg3 Qg5 28.Rf1 f4 29.g4 Kg7
30.Rh1 Rad8 31.Kf1 Rh8 32.Reh2 Rxh2 33.Rxh2 Qc5 34.Rd2 Qc1+ 35.Bd1 b5 36.Qc3 Qxc3
37.bxc3 b4 38.cxb4 axb4 39.Ke2 Nd7 40.Bb3 Kf6 41.Rc2 Rc8 42.Kd3 Ke7 43.g5 Nf8
44.Rc5 Rc7 45.e5 Nh7 46.d5 Rd7 47.d6+ Kf8 48.Rxc6 Nxg5 49.Bd5 Rd8 50.a5 b3
51.Rb6 Rc8 52.a6 Rc5 53.Kd4  1-0

[Event "ch-CRO"]
[Site "Vukovar CRO"]
[Date "2005.11.09"]
[Round "3"]
[White "Dizdar,G"]
[Black "Rogic,D"]
[Result "1/2-1/2"]
[WhiteElo "2542"]
[BlackElo "2520"]

1.d4 d5 2.c4 c6 3.Nf3 Nf6 4.Nc3 dxc4 5.a4 Bf5 6.Nh4 e6 7.Nxf5 exf5 8.e3 Bb4
9.Bxc4 O-O 10.O-O Nbd7 11.Qc2 g6 12.f3 Qb6 13.Kh1 c5 14.Qb3 Rac8 15.Rd1 a6
16.Nd5 Nxd5 17.Bxd5 Nf6 18.dxc5 Rxc5 19.e4 Nxd5 20.exd5 Rc7 21.Be3 Qd6 22.Rd4 Bc5
23.Bf4 Qd7 24.Bxc7 Bxd4 25.d6 Re8 26.Rd1  1/2-1/2

[Event "2nd Bundesliga Ost 2005-6"]
[Site "Austria AUT"]
[Date "2005.11.19"]
[Round "3"]
[White "Miniboeck,G"]
[Black "Krpelan,W"]
[Result "1/2-1/2"]
[WhiteElo "2351"]
[BlackElo "2266"]

1.d4 d5 2.c4 c6 3.Nf3 Nf6 4.Nc3 dxc4 5.a4 Bf5 6.e3 Bd3 7.Bxd3 cxd3 8.Qxd3 e6
9.O-O Be7 10.e4 O-O 11.Bg5 Nfd7 12.Bxe7 Qxe7 13.e5 Na6 14.Ne4 Nb4 15.Qb3 a5
16.Nd6 Nb6 17.Rac1 N6d5 18.Nd2 f5 19.Rfd1 Kh8 20.N2c4 f4 21.Qf3 b6 22.Nd2 Qh4  1/2-1/2

[Event "WJun Girls"]
[Site "Instanbul TUR"]
[Date "2005.11.19"]
[Round "10"]
[White "Sachdev,T"]
[Black "Nebolsina,V"]
[Result "1-0"]
[WhiteElo "2379"]
[BlackElo "2278"]

1.d4 d5 2.Nf3 Nf6 3.c4 c6 4.Nc3 dxc4 5.a4 Bf5 6.e3 e6 7.Bxc4 Bb4 8.Ne5 Nbd7
9.Nxd7 Qxd7 10.O-O Bg6 11.f3 Rd8 12.Qb3 Bd6 13.e4 Bb8 14.Be3 Qc7 15.g3 h5
16.Rf2 Qe7 17.Re1 a6 18.Bg5 e5 19.dxe5 Bxe5 20.Be3 O-O 21.a5 Ne8 22.Ne2 Nd6
23.Bc5 Qd7 24.Bd3 Rfe8 25.Bb6 Rb8 26.f4 Nxe4 27.Bxe4 Bxe4 28.fxe5 Rxe5 29.Qc3 Rbe8
30.Nf4 h4 31.Rfe2 hxg3 32.hxg3 Qf5 33.Bd4 R5e7 34.b4 f6 35.Bf2 Kh8 36.Bc5 Rf7
37.Qc4 Qg4 38.Qxf7  1-0

[Event "WJun Girls"]
[Site "Instanbul TUR"]
[Date "2005.11.20"]
[Round "11"]
[White "Nebolsina,V"]
[Black "Corke,A"]
[Result "0-1"]
[WhiteElo "2278"]
[BlackElo "2222"]

1.d4 d5 2.c4 c6 3.Nc3 Nf6 4.Nf3 dxc4 5.a4 Bf5 6.Ne5 e6 7.f3 c5 8.e4 cxd4
9.exf5 Bb4 10.Bxc4 dxc3 11.Qxd8+ Kxd8 12.O-O cxb2 13.Bxb2 Ke7 14.fxe6 fxe6
15.Nd3 Rc8 16.Bb3 Nc6 17.Rac1 Na5 18.Ba2 Bd6 19.Rfe1 Rxc1 20.Bxc1 Nc6 21.Bxe6 Rd8
22.Bc8+ Kf8 23.Bxb7 Nb4 24.Nf4 Rb8 25.Ne6+ Kg8 26.Be4 Nxe4 27.fxe4 Re8 28.Ng5 Nd3
29.Rd1 Bc5+ 30.Kf1 Nxc1 31.Rxc1 Be3  0-1

[Event "Baden Challenge"]
[Site "Pforzheim GER"]
[Date "2005.11.23"]
[Round "10"]
[White "Ivanov,MM"]
[Black "Westerinen,H"]
[Result "1/2-1/2"]
[WhiteElo "2457"]
[BlackElo "2410"]

1.d4 d5 2.Nf3 Nf6 3.c4 c6 4.Nc3 dxc4 5.a4 Bf5 6.e3 e6 7.Bxc4 Bb4 8.O-O O-O
9.Qe2 Ne4 10.Nxe4 Bxe4 11.Nd2 Bg6 12.Nb3  1/2-1/2

[Event "IV I Subasic Mem"]
[Site "Zenica BIH"]
[Date "2005.11.23"]
[Round "6"]
[White "Atalik,S"]
[Black "Muratovic,En"]
[Result "1-0"]
[WhiteElo "2620"]
[BlackElo "2248"]

1.d4 d5 2.c4 c6 3.Nf3 Nf6 4.Nc3 dxc4 5.a4 Bf5 6.Ne5 Nbd7 7.Nxc4 Nb6 8.Ne5 a5
9.Bg5 h6 10.Bh4 g5 11.Bg3 e6 12.f3 Bb4 13.e4 Bxe4 14.fxe4 Nxe4 15.Qf3 Nd6
16.Bd3 h5 17.O-O f5 18.Rae1 g4 19.Qe3 Qf6 20.Bf4 Rg8 21.d5 Bxc3 22.Qxb6 Bxe1
23.Rxe1 Qd8 24.Nc4  1-0

[Event "IV I Subasic Mem"]
[Site "Zenica BIH"]
[Date "2005.11.25"]
[Round "8"]
[White "Atalik,S"]
[Black "Dizdarevic,E"]
[Result "0-1"]
[WhiteElo "2620"]
[BlackElo "2509"]

1.d4 d5 2.c4 c6 3.Nf3 Nf6 4.Nc3 dxc4 5.a4 Bf5 6.Ne5 Na6 7.e3 Nb4 8.Bxc4 e6
9.O-O Bd6 10.Qe2 Nc2 11.Rb1 Nd5 12.Bxd5 exd5 13.g4 Na3 14.bxa3 Bxb1 15.Nxb1 h5
16.f4 hxg4 17.Qxg4 Bxe5 18.fxe5 Qh4 19.Qxh4 Rxh4 20.Nd2 b6 21.Nf3 Rg4+ 22.Kf2 Kd7
23.Bd2 a5 24.Rb1 Kc7 25.h3 Rg6 26.h4 Rh8 27.Rh1 Rh5 28.Rh3 Kd7 29.Be1 Rf5
30.Rg3 Rxg3 31.Kxg3 Rh5 32.Kg4 Rh8 33.h5 c5 34.Ng5 Ke7 35.dxc5 bxc5 36.Bxa5 Ra8
37.Bb6 Rxa4+ 38.Kf5 g6+ 39.hxg6 fxg6+ 40.Kxg6 Ra6 41.Kf5 Rxb6 42.Nh3 c4 43.Nf4 Rb5
44.Ne2 Rb3 45.Nf4 c3 46.Nxd5+ Kf8 47.e6 Rb5 48.e4 c2 49.Kf6  0-1

[Event "18th Belgrade Trophy"]
[Site "Obrenovac SCG"]
[Date "2005.11.27"]
[Round "6"]
[White "Ristic,Neb2"]
[Black "Marcetic,N"]
[Result "1/2-1/2"]
[WhiteElo "2192"]
[BlackElo "2396"]

1.d4 d5 2.c4 c6 3.Nf3 Nf6 4.Nc3 dxc4 5.a4 Bf5 6.Ne5 Nbd7 7.Nxc4 Nb6 8.Ne3 Bg6
9.a5 Nbd7 10.g3 e6 11.Bg2 Rc8 12.O-O Be7 13.Nc4 b5 14.axb6 axb6 15.Bf4 O-O
16.Nd6  1/2-1/2

[Event "ch-ROM w"]
[Site "Baile Tusnad ROM"]
[Date "2005.11.28"]
[Round "3"]
[White "Dragomirescu,An"]
[Black "Traistaru,T"]
[Result "1/2-1/2"]
[WhiteElo "2249"]
[BlackElo "2086"]

1.d4 d5 2.c4 c6 3.Nf3 Nf6 4.Nc3 dxc4 5.a4 Bf5 6.Ne5 Nbd7 7.Nxc4 Qc7 8.g3 e5
9.dxe5 Nxe5 10.Bf4 Nfd7 11.Bg2 g5 12.Bxe5 Nxe5 13.Qd4 f6 14.Nxe5 Qxe5 15.Qxe5+ fxe5
16.O-O-O Bc5 17.Be4 Be6 18.f3 Bd4 19.Kc2 O-O-O 20.Rhe1 Bf2 21.Rf1 Bd4 22.g4 Kc7
23.Bf5 Bc4 24.Bd3 Bd5 25.Ne4 Bxe4 26.Bxe4 h5 27.h3 h4 28.Rd3 Bc5 29.Rfd1 Rxd3
30.Rxd3 Rd8 31.Rxd8 Kxd8 32.Kd3 Ke7 33.Bf5 b6 34.Ke4 Kf6 35.Bd7 a5 36.Bxc6 Bb4  1/2-1/2

[Event "18th Belgrade Trophy"]
[Site "Obrenovac SCG"]
[Date "2005.11.30"]
[Round "9"]
[White "Pavlovic,Milo2"]
[Black "Damjanovic,D"]
[Result "1-0"]
[WhiteElo "2438"]
[BlackElo "2264"]

1.d4 d5 2.c4 c6 3.Nc3 Nf6 4.Nf3 dxc4 5.a4 Bf5 6.Ne5 Nbd7 7.Nxc4 Qc7 8.g3 e5
9.dxe5 Nxe5 10.Bf4 Nfd7 11.Bg2 f6 12.O-O Nc5 13.e4 Bg6 14.Qe2 Bf7 15.Nxe5 fxe5
16.Be3 Be7 17.f4 Nb3 18.Rad1 Nd4 19.Qg4 Nc2 20.Bf2 exf4 21.Qxg7 Rf8 22.e5 Bg6
23.Be4 Bxe4 24.Nxe4 Rf7 25.Qg8+  1-0